书目信息 |
| 题名: |
体育理论
|
|
| 作者: | ;体育院、系教材编审委员会 , 体育理论教材编写组 编 | |
| 分册: | ||
| 出版信息: | 北京 人民体育出版社 1981.08 |
|
| 页数: | 169页 | |
| 开本: | 26cm | |
| 丛书名: | ||
| 单 册: | ||
| 中图分类: | G80 | |
| 科图分类: | ||
| 主题词: | 体育理论--高等学校--教材 | |
| 电子资源: | ||
| ISBN: | ||
| 000 | 00878nam0 2200253 45 | |
| 001 | 0186017481 | |
| 005 | 20060909150119.53 | |
| 010 | @dCNY1.15 | |
| 091 | @a7015.1973 | |
| 100 | @a19900802d1981 em y0chiy0121 ea | |
| 101 | 0 | @achi |
| 102 | @aCN@b110000 | |
| 105 | @ay z 000yy | |
| 200 | 10 | @a体育理论@Ati yu li lun@f体育院、系教材编审委员会,体育理论教材编写组编@Fti yu yuan、xi jiao cai bian shen wei yuan hui,ti yu li lun jiao cai bian xie zu bian |
| 210 | @a北京@c人民体育出版社@d1981.08 | |
| 215 | @a169页@d26cm | |
| 300 | @a体育系通用教材 | |
| 606 | @a体育理论@x高等学校@x教材 | |
| 690 | @aG80@v3 | |
| 711 | 0 | @a体育院、系教材编审委员会@Ati yu yuan、xi jiao cai bian shen wei yuan hui@4编 |
| 711 | 0 | @a体育理论教材编写组@Ati yu li lun jiao cai bian xie zu@4编 |
| 801 | 2 | @aCN@bNLC@c20060909 |
| 801 | 0 | @aCN@b深圳图书馆@c20060719 |
| 905 | @dG80@e16@f1@b160912 | |
| 体育理论/体育院、系教材编审委员会,体育理论教材编写组编.-北京:人民体育出版社,1981.08 |
| 169页;26cm |
| 体育系通用教材 |
| ISBN :CNY1.15 |
| ● |
| 相关链接 |
|
|
|
|
正题名:体育理论
索取号:G80/16
 
预约/预借
| 序号 | 登录号 | 条形码 | 馆藏地/架位号 | 状态 | 备注 |
| 1 | 0062146 | 202331360 | 密集书库/ [索取号:G80/16] | 在馆 | |
| 2 | 0062148 | 202308270 | 密集书库/ [索取号:G80/16] | 在馆 | |
| 3 | 0062150 | 000998415 | 密集书库/ [索取号:G80/16] | 在馆 | |
| 4 | 0063126 | 000998479 | 密集书库/ [索取号:G80/16] | 在馆 | |
| 5 | 0063127 | 000998521 | 密集书库/ [索取号:G80/16] | 在馆 | |
| 6 | 0112227 | 000998497 | 密集书库/ [索取号:G80/16] | 在馆 | |
| 7 | 0112228 | 000998451 | 密集书库/ [索取号:G80/16] | 在馆 | |
| 8 | 0112229 | 000998512 | 密集书库/ [索取号:G80/16] | 在馆 | |
| 9 | 0112230 | 202331379 | 密集书库/ [索取号:G80/16] | 在馆 | |
| 10 | 0112231 | 202331404 | 密集书库/ [索取号:G80/16] | 在馆 | |
| 11 | 0112232 | 000998503 | 密集书库/ [索取号:G80/16] | 在馆 | |
| 12 | 0112235 | 000998460 | 密集书库/ [索取号:G80/16] | 在馆 | |
| 13 | 0160909 | 000998488 | 密集书库/ [索取号:G80/16] | 在馆 | |
| 14 | 0160910 | 000998567 | 密集书库/ [索取号:G80/16] | 在馆 | |
| 15 | 0160911 | 202331413 | 密集书库/ [索取号:G80/16] | 在馆 | |
| 16 | 0160912 | 001949351 | 密集书库/ [索取号:G80/16] | 在馆 | |
| 17 | 0160913 | 000494637 | 第一样本阅览室/ [索取号:G80/16] | 在馆 | |
| 18 | 0277061 | 202179347 | 密集书库/ [索取号:G80/16] | 在馆 | |
| 19 | 0424425 | 204244255 | 密集书库/ [索取号:G80/16] | 在馆 | |
| 20 | 0471759 | 204717592 | 密集书库/ [索取号:G80/16] | 在馆 |